000 00560nam a22001691 4500
082 0 0 _a510.2466
_bMIC
_cL-3;P-2
100 1 _aMickley, Harold S.
_939063
245 1 0 _aApplied mathematics in chemical engineering
_c[by] Harold S. Mickley, Thomas K. Sherwood [and] Charles E. Reed.
250 _a2d ed.
260 _aNew York,
_bMcGraw-Hill,
_c1957.
300 _a413 p.
_billus.
_c24 cm.
526 _a0
_b0
_c0
_d510_246600000000000_MIC
650 0 _aMathematical analysis.
_9198
650 0 _aMathematical physics.
_98499
650 0 _aMCE
_9379
942 _2ddc
_cBK
999 _c543631
_d543631